Παραγωγή εκπαιδευτικού υλικού για την ενέργεια με βάση το μοντέλο της ''μάθησης των τριών διαστάσεων'' χρησιμοποιώντας ΤΠΕ και αξιολόγηση των μαθησιακών αποτελεσμάτων : διπλωματική εργασία [μεταπτυχιακή εργασία]
Αποθηκεύτηκε σε:
| Κύριος συγγραφέας: | |
|---|---|
| Συγγραφή απο Οργανισμό/Αρχή: | |
| Άλλοι συγγραφείς: | |
| Μορφή: | Thesis Βιβλίο |
| Γλώσσα: | Greek |
| Δημοσίευση: |
2017.
|
| Θέματα: | |
| Διαθέσιμο Online: | http://hdl.handle.net/11610/19288 |
| Ετικέτες: |
Προσθήκη ετικέτας
Δεν υπάρχουν, Καταχωρήστε ετικέτα πρώτοι!
|
MARC
| LEADER | 00000cam a2200000 a 4500 | ||
|---|---|---|---|
| 001 | 1/115121 | ||
| 008 | 171003s2017####gr | ||| |||| ||gre|| | ||
| 040 | |a GR-MyUa |b gre |c GR-MyUa |e AACR2 | ||
| 041 | 0 | |a gre | |
| 082 | 7 | |a 371.33 |2 (23) | |
| 100 | 1 | |a Τραγούδα, Αικατερίνη. | |
| 245 | 1 | 0 | |a Παραγωγή εκπαιδευτικού υλικού για την ενέργεια με βάση το μοντέλο της ''μάθησης των τριών διαστάσεων'' χρησιμοποιώντας ΤΠΕ και αξιολόγηση των μαθησιακών αποτελεσμάτων : |b διπλωματική εργασία [μεταπτυχιακή εργασία] / |c Τραγούδα Αικατερίνη ; επιβλέπων καθηγητής: Σκουμιός Μιχαήλ. |
| 260 | |c 2017. | ||
| 300 | |a 240 σ. : |b πίν., εικ. ; |c 30 εκ. | ||
| 500 | |a Υπάρχει ψηφιακό αντίγραφο. | ||
| 500 | |a Μέλη εξεταστικής επιτροπής: Αυγερινός Ευγένιος, Σοφός Αλιβίζος. | ||
| 502 | # | # | |a Διατριβή (μεταπτυχιακή) – Πανεπιστήμιο Αιγαίου, Ρόδος, 2017. |
| 504 | |a Βιβλιογραφία: σ. 200-208. | ||
| 506 | 1 | |a Πλήρες κείμενο - Ελεύθερη δημοσίευση - Κλειδωμένη η δυνατότητα αντιγραφής. | |
| 650 | 0 | |a Education |x Data processing |x Study and teaching. | |
| 650 | 0 | |a Computer-assisted instruction |x Case studies. | |
| 650 | 0 | |a Physics |x Study and teaching. | |
| 650 | 0 | |a Educational technology. | |
| 650 | 0 | |a Teaching |x Aids and devices |x Evaluation. | |
| 700 | 0 | |a Σκουμιός, Μιχαήλ, |e dgs [Επιβλέπων καθηγητής] | |
| 710 | 2 | |a Πανεπιστήμιο Αιγαίου |b Σχολή Ανθρωπιστικών Επιστημών |b Παιδαγωγικό Τμήμα Δημοτικής Εκπαίδευσης |b Πρόγραμμα Μεταπτυχιακών Σπουδών Επιστήμες της Αγωγής - Εκπαίδευση με τη Χρήση Νέων Τεχνολογιών. | |
| 852 | |a INST |b RHODES |c DIATR |e 20171003 |h 371.33 ΤΡΑ |p 005400039570 |q 005400039570 |t MTXE |y 23 | ||
| 856 | |u http://hdl.handle.net/11610/19288 | ||
| 924 | |a Τραγούδα |b Αικατερίνη |y Ρόδος |z 2017-07 | ||
| 970 | |z 03-10-2017 | ||